000 00459cam a22001337a 4500
008 180718b2015 xxu||||| |||| 00| 0 eng d
020 _a9780198099994
082 _aA99 As11/D262
100 _aDatta, Dipannita
245 _aAshapurna Devi and feminist consciousness in Bengal : a bio-critical reading
_cBy Dipannita Datta
260 _aNew Delhi
_bOxford Univ Press
_c2015
300 _a335p.
650 _aAsapurna Debi, 1909-1995 -- Political and social views
999 _c445038
_d445038